00370pab a2200133 454500008004000000100003600040245005000076260000900126300001200135362000800147650003900155650003100194773001100225180718b2000 xxu||||| |||| 00| 0 eng d aBrahmanand, P. Srinivasa et al. aIntegrated water management in Indian context c2000 ap.29-31 aDec aWater resources management - India aWater resources management aYojana